Moby-Dick : (Record no. 182)

MARC details
000 -LEADER
fixed length control field 00893cam a22003011 4500
005 - DATE AND TIME OF LATEST TRANSACTION
control field 20260322212009.0
008 - FIXED-LENGTH DATA ELEMENTS--GENERAL INFORMATION
fixed length control field data
010 ## - LIBRARY OF CONGRESS CONTROL NUMBER
LC control number 55010354
040 ## - CATALOGING SOURCE
Original cataloging agency DLC
Transcribing agency DLC
Modifying agency DLC
050 00 - LIBRARY OF CONGRESS CALL NUMBER
Classification number AC1
Item number .G72 vol. 48
082 00 - DEWEY DECIMAL CLASSIFICATION NUMBER
Classification number 813.36
001 - CONTROL NUMBER
control field data
100 1# - MAIN ENTRY--PERSONAL NAME
Personal name Melville, Herman,
Dates associated with a name 1819-1891.
240 10 - UNIFORM TITLE
Uniform title Moby Dick
245 10 - TITLE STATEMENT
Title Moby-Dick :
Remainder of title or, The whale /
Statement of responsibility, etc. Herman Melville.
260 ## - PUBLICATION, DISTRIBUTION, ETC.
Place of publication, distribution, etc. Chicago,
Name of publisher, distributor, etc. Encyclopaedia Britannica
Date of publication, distribution, etc. [1955, c1948]
300 ## - PHYSICAL DESCRIPTION
Extent xx, 420 p.
Dimensions 25 cm.
490 0# - SERIES STATEMENT
Series statement Great books of the Western World, v. 48
650 #0 - SUBJECT ADDED ENTRY--TOPICAL TERM
Topical term or geographic name entry element Ahab, Captain (Fictitious character)
Form subdivision Fiction.
650 #0 - SUBJECT ADDED ENTRY--TOPICAL TERM
Topical term or geographic name entry element Whaling ships
Form subdivision Fiction.
650 #0 - SUBJECT ADDED ENTRY--TOPICAL TERM
Topical term or geographic name entry element Ship captains
Form subdivision Fiction.
650 #0 - SUBJECT ADDED ENTRY--TOPICAL TERM
Topical term or geographic name entry element Mentally ill
Form subdivision Fiction.
650 #0 - SUBJECT ADDED ENTRY--TOPICAL TERM
Topical term or geographic name entry element Whaling
Form subdivision Fiction.
650 #0 - SUBJECT ADDED ENTRY--TOPICAL TERM
Topical term or geographic name entry element Whales
Form subdivision Fiction.
655 #7 - INDEX TERM--GENRE/FORM
Genre/form data or focus term Psychological fiction.
Source of term lcsh
655 #7 - INDEX TERM--GENRE/FORM
Genre/form data or focus term Adventure stories.
Source of term gsafd
655 #7 - INDEX TERM--GENRE/FORM
Genre/form data or focus term Sea stories.
Source of term lcsh
Holdings
Withdrawn status Lost status Damaged status Not for loan Home library Current library Shelving location Date acquired Total checkouts Full call number Barcode Date last seen Price effective from Koha item type
        Centerville Centerville General stacks 22/03/2026   813.36 BC0010188 22/03/2026 22/03/2026 Books